La música precolombina : un debate cultural después de 1492 /

Salvato in:
Dettagli Bibliografici
Autore principale: Martínez Miura, Enrique (autor)
Natura: Libro
Lingua:spagnolo
Pubblicazione: Barcelona, España : Paidós, 2004, c2004
Serie:(Paidós de Música ; 11)
Soggetti:
Tags: Aggiungi Tag
Nessun Tag, puoi essere il primo ad aggiungerne!!

MARC

LEADER 00000nam^a2200000^a^4500
001 000167031
005 20250521000000.0
009 20260310101113.602
020 |a 84-493-1525-5 
037 |a Acervo ITESO - Biblioteca 
041 |a ESP 
082 |a 786. 16221  |b MAR 
100 |a Martínez Miura, Enrique  |e (autor) 
245 1 3 |a La música precolombina :  |b un debate cultural después de 1492 /  |c E. Martínez Miura. 
264 4 |a Barcelona, España :  |b Paidós,  |c 2004, c2004 
300 |a 302 p. 
336 |a texto  |b txt  |2 rdacontenido 
337 |a sin mediación  |b n  |2 rdamedio 
338 |a volumen  |b nc  |2 rdasoporte 
440 1 |a (Paidós de Música ;  |v 11) 
649 |a XX 
650 |a Música Prehispánica -  |x Historia y Crítica 
650 |a Música Indígena -  |x Historia y Crítica 
650 |a Música Folklórica -  |z América -  |x Historia y Crítica 
650 |a Música Folklórica -  |x Historia y Crítica 
650 |a Música Popular -  |z América -  |x Historia y Crítica 
650 |a Música Popular -  |x Historia y Crítica 
650 |a Música Americana -  |x Historia y Crítica 
650 |a Folklore -  |z América -  |x Historia 
650 |a Cultura Popular -  |z América -  |x Historia 
650 |a Relaciones Interculturales -  |z América-España -  |x Historia 
650 |a América -  |x Historia -  |y Epoca Prehispánica 
650 |a América -  |x Historia -  |y Epoca Colonial 
650 |a Latinoamérica -  |x Historia 
650 |a Etnomusicología 
650 |a Musicología 
910 |a Fondo General 
920 |a Impresos - Libros 
930 |a Colección General 
905 |a 101 
901 |a 0500102414  |b IT1  |c ACC  |u 20250521 
901 |a 0500190064  |b IT1  |c ACC  |i C124738  |u 20250521 
902 |a https://opac.biblio.iteso.mx/vufind/Record/000167031